[Event "Surrey Premier U170"]
[Site "Sutton"]
[Date "1994.04.03"]
[Round "5"]
[White "Coomber, George CW"]
[Black "Phillips, Thomas D"]
[Result "1-0"]
[WhiteElo "1824"]
[BlackElo "1784"]
[PlyCount "77"]
[EventDate "1994.04.01"]
[EventType "swiss"]
[EventRounds "7"]
[EventCountry "ENG"]
[SourceTitle "BritBase"]
[Source "John Saunders"]
[SourceDate "2025.11.05"]
[SourceVersion "1"]
[SourceVersionDate "2025.11.05"]
[SourceQuality "1"]

1. d4 Nf6 2. e3 g6 3. Bd3 Bg7 4. f4 d5 5. Nd2 O-O 6. Ngf3 b6 7. Qe2 Bb7 8. O-O Nbd7 9. Ng5 c5 10. c3 e6 11. Qf3 Qe7 12. Qh3 h6 13. Ngf3 Ne4 14. g4 f5 15. Ne5 Nxe5 16. fxe5 Bc6 17. Nf3 Be8 18. Qg2 Kh7 19. Bd2 c4 20. Bc2 Rb8 21. Be1 Rh8 22. Bh4 Qd7 23. Be1 Kg8 24. h3 Bf7 25. Kh2 Kf8 26. Nh4 Ng5 27. gxf5 gxf5 28. Nxf5 exf5 29. Bxf5 Qc6 30. h4 Ne6 31. e4 dxe4 32. Bxe4 Qe8 33. Bg3 Rg8 34. Bg6 Nd8 35. Rxf7+ Nxf7 36. Rf1 Bxe5 37. Bxe5 Rxg6 38. Qxg6 Rd8 39. Bg7+ 1-0

[Event "Surrey Premier U170"]
[Site "Sutton"]
[Date "1994.04.03"]
[Round "6"]
[White "Fleming, Andrew SJ"]
[Black "Luaces Rubio, Alfredo"]
[Result "0-1"]
[WhiteElo "1888"]
[BlackElo "1864"]
[PlyCount "114"]
[EventDate "1994.04.01"]
[EventType "swiss"]
[EventRounds "7"]
[EventCountry "ENG"]
[SourceTitle "BritBase"]
[Source "John Saunders"]
[SourceDate "2025.11.05"]
[SourceVersion "1"]
[SourceVersionDate "2025.11.05"]
[SourceQuality "1"]

1. e4 e5 2. Nf3 Nc6 3. Bb5 Bc5 4. O-O Nd4 5. Bc4 Nxf3+ 6. Qxf3 Qf6 7. Qxf6 Nxf6 8. d3 d6 9. c3 a5 10. Bg5 h6 11. Be3 Bxe3 12. fxe3 O-O 13. Nd2 Be6 14. a4 Nd7 15. d4 Rae8 16. d5 Bg4 17. Bb5 Re7 18. b4 Nf6 19. bxa5 Bc8 20. Rab1 Ng4 21. Nc4 f5 22. h3 Nf6 23. Nd2 fxe4 24. c4 g6 25. Rb2 Ref7 26. Nb3 Kg7 27. Rbf2 h5 28. Nd2 g5 29. Nb3 g4 30. hxg4 Nxg4 31. Rxf7+ Rxf7 32. Rxf7+ Kxf7 33. Nd2 Nxe3 34. Nxe4 Kg6 35. Kf2 Ng4+ 36. Kf3 Nf6 37. Nxf6 Kxf6 38. Ke4 Kg5 39. Kf3 Kf5 40. Be8 h4 41. Bh5 e4+ 42. Ke3 Ke5 43. Be8 b6 44. Bg6 bxa5 45. Bxe4 Bg4 46. Bc2 Bh5 47. Bb3 Bg6 48. Bd1 Be4 49. Kf2 Kf4 50. Bb3 Bd3 51. Kg1 Kg3 52. Kh1 Be4 53. Kg1 Bxg2 54. c5 dxc5 55. d6 cxd6 56. Be6 h3 57. Bd5 h2# 0-1

[Event "Surrey Premier U170"]
[Site "Sutton"]
[Date "1994.04.03"]
[Round "6"]
[White "Gilmour, Steven G"]
[Black "Shaw, Marc A"]
[Result "1-0"]
[WhiteElo "1792"]
[BlackElo "1864"]
[PlyCount "69"]
[EventDate "1994.04.01"]
[EventType "swiss"]
[EventRounds "7"]
[EventCountry "ENG"]
[SourceTitle "BritBase"]
[Source "John Saunders"]
[SourceDate "2025.11.05"]
[SourceVersion "1"]
[SourceVersionDate "2025.11.05"]
[SourceQuality "1"]

1. e4 c5 2. Nf3 d6 3. d4 cxd4 4. Nxd4 Nf6 5. Nc3 a6 6. f4 e6 7. Be3 Be7 8. Bd3 Nbd7 9. O-O Nc5 10. e5 Nfd7 11. exd6 Bxd6 12. f5 Nf6 13. fxe6 Bxe6 14. Nf5 Bxf5 15. Bxf5 O-O 16. Bg5 Be7 17. Qe1 h6 18. Be3 Qc7 19. Rf3 Qe5 20. Bxh6 Qd4+ 21. Be3 Qe5 22. Qh4 g6 23. Qh6 Nh5 24. Bxg6 fxg6 25. Qxg6+ Ng7 26. Rh3 Qf5 27. Qh6 Qe5 28. Qh7+ Kf7 29. Rf3+ Bf6 30. Bh6 Nce6 31. Bxg7 Nxg7 32. Raf1 Ke8 33. Qg6+ Ke7 34. Rxf6 Rxf6 35. Nd5+ 1-0

[Event "Surrey Premier U170"]
[Site "Sutton"]
[Date "1994.04.03"]
[Round "6"]
[White "Jacob, Sydney J"]
[Black "Key, Eric A"]
[Result "1-0"]
[WhiteElo "1856"]
[BlackElo "1872"]
[PlyCount "41"]
[EventDate "1994.04.01"]
[EventType "swiss"]
[EventRounds "7"]
[EventCountry "ENG"]
[SourceTitle "BritBase"]
[Source "John Saunders"]
[SourceDate "2025.11.05"]
[SourceVersion "1"]
[SourceVersionDate "2025.11.05"]
[SourceQuality "1"]

1. e4 e6 2. d4 d5 3. Nc3 Nf6 4. Bg5 Bb4 5. e5 h6 6. Bd2 Bxc3 7. bxc3 Ne4 8. Qg4 g6 9. Bd3 Nxd2 10. Kxd2 c5 11. Nf3 Nc6 12. Qf4 Qa5 13. dxc5 Qxc5 14. Nd4 Nxd4 15. cxd4 Qa5+ 16. Ke3 Bd7 17. Rab1 Bc6 18. Rb3 Rc8 19. Rhb1 Qxa2 20. Qf6 Rg8 21. Rxb7 1-0

[Event "Surrey Premier U170"]
[Site "Sutton"]
[Date "1994.04.??"]
[Round "?"]
[White "Batchelor, Paul A"]
[Black "Coomber, George CW"]
[Result "0-1"]
[WhiteElo "1816"]
[BlackElo "1824"]
[PlyCount "76"]
[EventDate "1994.04.01"]
[EventType "swiss"]
[EventRounds "7"]
[EventCountry "ENG"]
[SourceTitle "BritBase"]
[Source "John Saunders"]
[SourceDate "2025.11.05"]
[SourceVersion "1"]
[SourceVersionDate "2025.11.05"]
[SourceQuality "1"]

1. d4 d5 2. c4 e6 3. Nc3 f5 4. cxd5 exd5 5. g3 Nf6 6. Bg2 c6 7. Nh3 Be7 8. O-O O-O 9. f3 Kh8 10. Be3 Rg8 11. Kh1 Bd6 12. Qd2 Nbd7 13. Bf2 Nf8 14. Ng1 f4 15. e4 fxe3 16. Bxe3 Qc7 17. Nce2 Nh5 18. Bf2 Bd7 19. Nh3 Ne6 20. Ng5 Rgf8 21. Nxe6 Bxe6 22. Bg1 Rf6 23. f4 Bg4 24. Nc3 Raf8 25. Be3 Qd7 26. Kg1 Bh3 27. a3 Rg6 28. Rf2 Bxg2 29. Rxg2 Nf6 30. Kh1 Ng4 31. Bg1 h5 32. Re1 Rh6 33. Be3 h4 34. Kg1 hxg3 35. hxg3 Qf5 36. Kf1 g5 37. Qc2 Nxe3+ 38. Rxe3 Rh1+ 0-1

[Event "Surrey Premier U170"]
[Site "Sutton"]
[Date "1994.04.??"]
[Round "?"]
[White "Kobylka, Michael Stephen"]
[Black "Hegarty, P"]
[Result "0-1"]
[WhiteElo "1872"]
[BlackElo "1760"]
[PlyCount "85"]
[EventDate "1994.04.01"]
[EventType "swiss"]
[EventRounds "7"]
[EventCountry "ENG"]
[SourceTitle "BritBase"]
[Source "John Saunders"]
[SourceDate "2025.11.05"]
[SourceVersion "1"]
[SourceVersionDate "2025.11.05"]
[SourceQuality "1"]

1. e4 c5 2. f4 e6 3. c4 d5 4. e5 Ne7 5. Nc3 Nf5 6. Nf3 Be7 7. Bd3 dxc4 8. Bxc4 Nc6 9. O-O a6 10. a4 b6 11. d3 Bb7 12. Kh1 h5 13. Ne4 h4 14. Re1 h3 15. g4 Nfd4 16. Be3 Qd7 17. Kg1 O-O-O 18. Rc1 Kb8 19. Rf1 Nxf3+ 20. Qxf3 Nd4 21. Qd1 f5 22. gxf5 exf5 23. Ng3 Qc6 24. Rf2 Bh4 25. Bxd4 Bxg3 26. Rf3 Qxf3 27. Qxf3 Bxf3 28. Be3 Bh4 29. Bxa6 Be2 30. Bf2 Bxd3 31. Bxd3 Bxf2+ 32. Kxf2 Rxd3 33. Ke2 Rhd8 34. Rc2 R3d4 35. Kf3 Rxa4 36. Kg3 Rd3+ 37. Kh4 Rxf4+ 38. Kg5 Re4 39. Kxf5 Rde3 40. Kg6 Rxe5 41. Kxg7 Re2 42. Rc3 R5e3 43. Rc4 0-1

[Event "Surrey Major U145"]
[Site "Sutton"]
[Date "1994.04.01"]
[Round "1"]
[White "Hulley, Robert J"]
[Black "Webster, Charmaine"]
[Result "1-0"]
[WhiteElo "1448"]
[BlackElo "1640"]
[PlyCount "43"]
[EventDate "1994.04.01"]
[EventType "swiss"]
[EventRounds "7"]
[EventCountry "ENG"]
[SourceTitle "BritBase"]
[Source "John Saunders"]
[SourceDate "2025.11.05"]
[SourceVersion "1"]
[SourceVersionDate "2025.11.05"]
[SourceQuality "1"]

1. d4 g6 2. c4 Bg7 3. Nc3 c5 4. e3 b6 5. Nf3 Bb7 6. Be2 cxd4 7. exd4 d5 8. cxd5 Bxd5 9. Nxd5 Qxd5 10. O-O Nc6 11. Be3 Rd8 12. Qa4 Nh6 13. Bb5 Rc8 14. Rac1 Kd7 15. Rfd1 Kd8 16. Bxc6 Qd6 17. Ne5 Rf8 18. Bb7 Rxc1 19. Rxc1 e6 20. h3 Nf5 21. Qxa7 Ke7 22. Be4+ 1-0

[Event "Surrey Major U145"]
[Site "Sutton"]
[Date "1994.04.01"]
[Round "2"]
[White "Ho, Jessica"]
[Black "McLaughlin, William GV"]
[Result "1-0"]
[WhiteElo "1648"]
[BlackElo "1488"]
[PlyCount "135"]
[EventDate "1994.04.01"]
[EventType "swiss"]
[EventRounds "7"]
[EventCountry "ENG"]
[SourceTitle "BritBase"]
[Source "John Saunders"]
[SourceDate "2025.11.05"]
[SourceVersion "1"]
[SourceVersionDate "2025.11.05"]
[SourceQuality "1"]

1. d4 Nf6 2. c4 e6 3. Nc3 d5 4. f3 Bb4 5. a3 Bxc3+ 6. bxc3 c6 7. Bf4 O-O 8. e3 Nbd7 9. Bd3 Re8 10. Qc1 e5 11. Bg5 exd4 12. cxd4 Qb6 13. c5 Qa5+ 14. Qd2 Qc7 15. Ne2 b6 16. cxb6 axb6 17. O-O c5 18. Bf4 Qc6 19. Rfc1 c4 20. h3 Qe6 21. Bc2 b5 22. Nc3 Ba6 23. Rcb1 Qc6 24. a4 bxa4 25. Bxa4 Qe6 26. Re1 Rec8 27. Qf2 Nb6 28. Bc2 Bb7 29. Reb1 Rxa1 30. Rxa1 Ra8 31. Rxa8+ Bxa8 32. Qe1 Bc6 33. Qb1 Bd7 34. Kf2 h6 35. Bc7 Nc8 36. Na4 Bxa4 37. Bxa4 Qa6 38. Bc2 Qa7 39. Be5 Qa5 40. Ke2 Qa6 41. Kd1 c3 42. Bd3 Qa4+ 43. Qc2 Qa1+ 44. Qc1 Qa4+ 45. Ke2 Qa2+ 46. Qc2 Qa1 47. Kf2 Qb2 48. Bc7 Qb4 49. Qb1 Qa4 50. Bc2 Qa3 51. Bf5 Ne4+ 52. fxe4 g6 53. exd5 gxf5 54. Qxf5 Ne7 55. Qg4+ Ng6 56. Qc8+ Qf8 57. Qxf8+ Nxf8 58. Ke2 Nd7 59. Kd3 c2 60. Kxc2 Kf8 61. d6 f5 62. Kd3 Ke8 63. e4 Nf6 64. exf5 Kd7 65. Ke3 Nd5+ 66. Ke4 Nxc7 67. dxc7 Kxc7 68. Ke5 1-0

[Event "Surrey Major U145"]
[Site "Sutton"]
[Date "1994.04.02"]
[Round "4"]
[White "Gee, Oliver"]
[Black "Titmas, David J"]
[Result "1-0"]
[WhiteElo "1720"]
[BlackElo "1648"]
[PlyCount "79"]
[EventDate "1994.04.01"]
[EventType "swiss"]
[EventRounds "7"]
[EventCountry "ENG"]
[SourceTitle "BritBase"]
[Source "John Saunders"]
[SourceDate "2025.11.05"]
[SourceVersion "1"]
[SourceVersionDate "2025.11.05"]
[SourceQuality "1"]

1. e4 e5 2. Nf3 Nc6 3. Bb5 a6 4. Bxc6 dxc6 5. O-O Bg4 6. h3 h5 7. d3 Bxf3 8. Qxf3 Qf6 9. Nd2 Qxf3 10. Nxf3 Bd6 11. d4 f6 12. dxe5 fxe5 13. Be3 O-O-O 14. Ng5 Nh6 15. h4 Rhe8 16. f3 Rd7 17. Kf2 Nf7 18. Nxf7 Rxf7 19. Ke2 Rd7 20. Rfd1 Be7 21. Rxd7 Kxd7 22. g3 Bf6 23. Rd1+ Kc8 24. c3 b6 25. Rd3 Re6 26. c4 a5 27. c5 b5 28. Bd2 a4 29. b3 axb3 30. axb3 Be7 31. b4 Bf6 32. Ke3 Re7 33. Be1 g6 34. Rd2 Rf7 35. f4 Bg7 36. Rf2 Kd7 37. f5 gxf5 38. Rxf5 Rxf5 39. exf5 Ke7 40. Ke4 1-0

[Event "Surrey Major U145"]
[Site "Sutton"]
[Date "1994.04.??"]
[Round "?"]
[White "Naldrett, Geoffrey William"]
[Black "Gold, A"]
[Result "1-0"]
[WhiteElo "1736"]
[BlackElo "1336"]
[PlyCount "71"]
[EventDate "1994.04.01"]
[EventType "swiss"]
[EventRounds "7"]
[EventCountry "ENG"]
[SourceTitle "BritBase"]
[Source "John Saunders"]
[SourceDate "2025.11.05"]
[SourceVersion "1"]
[SourceVersionDate "2025.11.05"]
[SourceQuality "1"]

1. e4 e5 2. Nf3 Nc6 3. Bb5 Bc5 4. O-O Nf6 5. Bxc6 dxc6 6. Nxe5 O-O 7. d3 Qd6 8. Nf3 Bg4 9. h3 Bh5 10. Nbd2 Qd7 11. Nc4 Rad8 12. Bg5 Qe6 13. e5 h6 14. exf6 hxg5 15. Nxg5 Bxd1 16. Nxe6 fxe6 17. fxg7 Kxg7 18. Raxd1 Rf6 19. c3 a6 20. d4 Ba7 21. Ne5 c5 22. dxc5 Rxd1 23. Rxd1 Rf5 24. Rd7+ Kf6 25. Ng4+ Kg6 26. b4 Rd5 27. g3 Rxd7 28. Ne5+ Kf6 29. Nxd7+ Ke7 30. Ne5 Kf6 31. f4 Kf5 32. Kf2 Bb8 33. Nd7 Ba7 34. Kf3 b6 35. g4+ Kg6 36. Ne5+ 1-0

[Event "Surrey Minor A U120"]
[Site "Sutton"]
[Date "1994.04.01"]
[Round "2"]
[White "McGrath, John"]
[Black "Tillett, Matthew"]
[Result "1/2-1/2"]
[WhiteElo "1328"]
[BlackElo "1480"]
[PlyCount "36"]
[EventDate "1994.04.01"]
[EventType "swiss"]
[EventRounds "5"]
[EventCountry "ENG"]
[SourceTitle "BritBase"]
[Source "John Saunders"]
[SourceDate "2025.11.05"]
[SourceVersion "1"]
[SourceVersionDate "2025.11.05"]
[SourceQuality "1"]

1. d4 d5 2. c4 dxc4 3. Nf3 Nf6 4. e3 e6 5. Bxc4 c5 6. O-O a6 7. b3 b5 8. Be2 Nbd7 9. Bb2 Bb7 10. Nbd2 cxd4 11. exd4 Be7 12. Rc1 Rc8 13. Rxc8 Qxc8 14. Qc1 O-O 15. Bd3 Bd6 16. Qc2 Qxc2 17. Bxc2 Bf4 18. Rd1 Rc8 1/2-1/2

[Event "Surrey Minor A U120"]
[Site "Sutton"]
[Date "1994.04.02"]
[Round "3"]
[White "Seet, Paul"]
[Black "Shaw, Peter M"]
[Result "1-0"]
[WhiteElo "1456"]
[BlackElo "1536"]
[PlyCount "63"]
[EventDate "1994.04.01"]
[EventType "swiss"]
[EventRounds "5"]
[EventCountry "ENG"]
[SourceTitle "BritBase"]
[Source "John Saunders"]
[SourceDate "2025.11.05"]
[SourceVersion "1"]
[SourceVersionDate "2025.11.05"]
[SourceQuality "1"]

1. e4 e5 2. Nf3 Nc6 3. Bc4 Nf6 4. Ng5 d5 5. exd5 Na5 6. Bb5+ Bd7 7. Be2 Nxd5 8. Ne4 c5 9. c4 Nf6 10. Ng3 Be7 11. Nc3 Nc6 12. O-O Nd4 13. Bf3 Nxf3+ 14. Qxf3 Bc6 15. Qe2 O-O 16. Qxe5 Bd6 17. Qf5 a6 18. Qc2 Qc7 19. d3 Ng4 20. Nce4 Bxe4 21. dxe4 Rae8 22. Re1 Re6 23. Bg5 Bf4 24. Bxf4 Qxf4 25. h3 Ne5 26. Re3 Rg6 27. Rd1 h5 28. Rd5 h4 29. Nf5 Nf3+ 30. Rxf3 Qxf3 31. Ne7+ Kh7 32. Nxg6 1-0

[Event "Surrey Minor A U120"]
[Site "Sutton"]
[Date "1994.04.01"]
[Round "?"]
[White "Baker, Chris FL"]
[Black "Gee, Daniel G"]
[Result "0-1"]
[WhiteElo "1168"]
[BlackElo "1312"]
[PlyCount "80"]
[EventDate "1994.04.01"]
[EventType "swiss"]
[EventRounds "5"]
[EventCountry "ENG"]
[SourceTitle "BritBase"]
[Source "John Saunders"]
[SourceDate "2025.11.05"]
[SourceVersion "1"]
[SourceVersionDate "2025.11.05"]
[SourceQuality "1"]

1. e4 e5 2. Nf3 Nc6 3. Bc4 Bc5 4. c3 Nf6 5. d3 h6 6. O-O O-O 7. Re1 d6 8. Nbd2 Ng4 9. Rf1 Re8 10. h3 Nf6 11. b4 Bb6 12. Nb3 a6 13. Re1 Be6 14. Bxe6 Rxe6 15. Be3 Bxe3 16. Rxe3 Nh5 17. d4 Rg6 18. Qd3 Nf4 19. Qf1 Nxh3+ 20. Kh1 Nf4 21. g3 Nh5 22. Qh3 Nf6 23. d5 Ng4 24. Re2 Qd7 25. Qg2 Na7 26. Nbd2 Nb5 27. Rc1 a5 28. a4 Na7 29. b5 b6 30. c4 Rf8 31. Nf1 f5 32. exf5 Rxf5 33. Kg1 Rf8 34. Ne3 Rgf6 35. Nxg4 Qxg4 36. Rce1 Rxf3 37. Re4 Qg5 38. R1e2 Nc8 39. Qh2 R8f4 40. Rxf4 Rxf4 0-1

[Event "Surrey Minor A U120"]
[Site "Sutton"]
[Date "1994.04.??"]
[Round "?"]
[White "Harris, Costas"]
[Black "Fagan, Alan C"]
[Result "1-0"]
[WhiteElo "1360"]
[BlackElo "1536"]
[PlyCount "123"]
[EventDate "1994.04.01"]
[EventType "swiss"]
[EventRounds "5"]
[EventCountry "ENG"]
[SourceTitle "BritBase"]
[Source "John Saunders"]
[SourceDate "2025.11.05"]
[SourceVersion "1"]
[SourceVersionDate "2025.11.05"]
[SourceQuality "1"]

1. e4 e5 2. Nf3 Nf6 3. Nxe5 d6 4. Nf3 Nxe4 5. Bc4 d5 6. Bb3 Be7 7. O-O O-O 8. Re1 Bg4 9. h3 Bh5 10. Qe2 Re8 11. d3 Nf6 12. Bg5 Nbd7 13. Qd1 h6 14. Bh4 Nc5 15. Nc3 Nxb3 16. axb3 c6 17. Re5 Bg6 18. Qe2 Bd6 19. Bxf6 gxf6 20. Rxe8+ Qxe8 21. Qd2 Kg7 22. Re1 Qd7 23. Qe3 b6 24. Re2 Qc7 25. Nh4 Bf4 26. Qf3 Bg5 27. Nf5+ Bxf5 28. Qxf5 Rd8 29. Qg4 Qf4 30. Qxf4 Bxf4 31. Re7 Bb8 32. Ne2 f5 33. Nd4 Rc8 34. Nxf5+ Kf6 35. g4 Rh8 36. Rb7 b5 37. h4 h5 38. f3 Be5 39. Rxa7 hxg4 40. fxg4 Rxh4 41. Rxf7+ Kxf7 42. Nxh4 Bxb2 43. Kg2 Kf6 44. Nf5 c5 45. Ne3 Ke5 46. g5 Kf4 47. Nxd5+ Kxg5 48. Nc7 b4 49. Ne6+ Kf5 50. Nxc5 Kf4 51. Na6 Bc3 52. Kf2 Ke5 53. Ke3 Kd5 54. Nc7+ Kc6 55. Ne6 Kd6 56. Nd4 Kd5 57. Ne2 Bb2 58. d4 Ba1 59. Nf4+ Kd6 60. Kd3 Bb2 61. Kc4 Kc6 62. Nd3 1-0

[Event "Surrey Minor A U120"]
[Site "Sutton"]
[Date "1994.04.??"]
[Round "?"]
[White "Rowles, Sarah"]
[Black "Shaw, Peter M"]
[Result "0-1"]
[WhiteElo "1424"]
[BlackElo "1536"]
[PlyCount "70"]
[EventDate "1994.04.01"]
[EventType "swiss"]
[EventRounds "5"]
[EventCountry "ENG"]
[SourceTitle "BritBase"]
[Source "John Saunders"]
[SourceDate "2025.11.05"]
[SourceVersion "1"]
[SourceVersionDate "2025.11.05"]
[SourceQuality "1"]

1. d4 Nf6 2. c4 e5 3. dxe5 Ne4 4. Nf3 Bb4+ 5. Bd2 Nxd2 6. Nbxd2 Nc6 7. a3 Bc5 8. e3 a6 9. Be2 Qe7 10. O-O Nxe5 11. b4 Ba7 12. Qc2 d6 13. Nxe5 dxe5 14. c5 O-O 15. Qe4 f5 16. Bc4+ Kh8 17. Qd5 Bb8 18. f4 c6 19. Qf3 g5 20. Qh5 gxf4 21. Nf3 fxe3 22. Ng5 e4 23. Nf7+ Rxf7 24. Qxf7 Qxf7 25. Bxf7 Kg7 26. Bc4 f4 27. Rad1 Be5 28. Rd8 Be6 29. Rxa8 Bxc4 30. Rd1 e2 31. Re1 Bd4+ 32. Kh1 f3 33. gxf3 exf3 34. Rd8 f2 35. Rd7+ Kf6 0-1

[Event "Surrey Minor B U120"]
[Site "Sutton"]
[Date "1994.04.??"]
[Round "?"]
[White "Hunt, Caro"]
[Black "Rowles, Sarah"]
[Result "1-0"]
[WhiteElo "1504"]
[BlackElo "1424"]
[PlyCount "61"]
[EventDate "1994.04.03"]
[EventType "swiss"]
[EventRounds "5"]
[EventCountry "ENG"]
[SourceTitle "BritBase"]
[Source "John Saunders"]
[SourceDate "2025.11.05"]
[SourceVersion "1"]
[SourceVersionDate "2025.11.05"]
[SourceQuality "1"]

1. e4 c5 2. d4 cxd4 3. c3 dxc3 4. Nxc3 e6 5. Nf3 Nf6 6. e5 Ng4 7. h3 Nxf2 8. Kxf2 Bc5+ 9. Kg3 Nc6 10. Bd3 Qc7 11. Bf4 a6 12. Ne4 Be7 13. Rc1 Qd8 14. a3 b5 15. Rf1 h6 16. Kh2 Qb6 17. Nd6+ Kf8 18. Nd2 Qd4 19. Nxf7 Qxd3 20. Nxh8 Kg8 21. Rc3 Qh7 22. Nf7 Kxf7 23. Bg5+ Kg8 24. Bxe7 Nxe7 25. Qf3 Qf5 26. Qxa8 Qxe5+ 27. Kh1 d5 28. Rxc8+ Kh7 29. Rh8+ Kg6 30. Qe8+ Kg5 31. Nf3+ 1-0

[Event "Surrey Minor B U120"]
[Site "Sutton"]
[Date "1994.04.??"]
[Round "?"]
[White "Smith, Kenneth W"]
[Black "Feld, Katherine L"]
[Result "0-1"]
[WhiteElo "1288"]
[BlackElo "1024"]
[PlyCount "38"]
[EventDate "1994.04.03"]
[EventType "swiss"]
[EventRounds "5"]
[EventCountry "ENG"]
[SourceTitle "BritBase"]
[Source "John Saunders"]
[SourceDate "2025.11.05"]
[SourceVersion "1"]
[SourceVersionDate "2025.11.05"]
[SourceQuality "1"]

1. e4 e5 2. Nf3 Nc6 3. Bc4 Bc5 4. d3 Nf6 5. Ng5 d5 6. exd5 Na5 7. Bb5+ c6 8. dxc6 bxc6 9. Ba4 O-O 10. c3 Qb6 11. O-O Ng4 12. Ne4 Nb7 13. b4 Bd6 14. Nbd2 c5 15. Nc4 Qc7 16. Ncxd6 Nxd6 17. Nxc5 e4 18. dxe4 Nxe4 19. Nxe4 Qxh2# 0-1

[Event "Surrey Minor B U120"]
[Site "Sutton"]
[Date "1994.04.??"]
[Round "?"]
[White "Thrower, Claire L"]
[Black "Gwilliams, Gordon J"]
[Result "1-0"]
[WhiteElo "1432"]
[BlackElo "1512"]
[PlyCount "85"]
[EventDate "1994.04.03"]
[EventType "swiss"]
[EventRounds "5"]
[EventCountry "ENG"]
[SourceTitle "BritBase"]
[Source "John Saunders"]
[SourceDate "2025.11.05"]
[SourceVersion "1"]
[SourceVersionDate "2025.11.05"]
[SourceQuality "1"]

1. c4 Nf6 2. Nc3 e6 3. e4 c5 4. g3 Nc6 5. Bg2 d6 6. Nge2 Be7 7. O-O e5 8. d3 O-O 9. f4 Bd7 10. f5 Nd4 11. h3 Nxe2+ 12. Qxe2 Kh8 13. g4 Ng8 14. Nd5 Bh4 15. Kh2 Bg5 16. Bxg5 Qxg5 17. Rf2 Bc6 18. Raf1 Bxd5 19. exd5 Nf6 20. Be4 Qh4 21. Rg2 g5 22. fxg6 hxg6 23. g5 Nd7 24. Rg4 Qh7 25. Qf2 Qg7 26. Rh4+ Kg8 27. Rg1 f5 28. gxf6 Rxf6 29. Qe3 Kf7 30. Rhg4 Rg8 31. Bxg6+ Rxg6 32. Rxg6 Qxg6 33. Rxg6 Rxg6 34. Qf3+ Nf6 35. Qf5 Rh6 36. Qe6+ Kg6 37. Qxd6 Kf5 38. Qf8 Kg5 39. d6 Rh7 40. Qc8 Kf4 41. Kg2 Rg7+ 42. Kf2 b6 43. Qf8 1-0

[Event "Surrey Novice A U100"]
[Site "Sutton"]
[Date "1994.04.01"]
[Round "1"]
[White "Gee, Keith"]
[Black "Onder, Ali"]
[Result "1-0"]
[WhiteElo "1400"]
[BlackElo "1360"]
[PlyCount "51"]
[EventDate "1994.04.01"]
[EventType "swiss"]
[EventRounds "5"]
[EventCountry "ENG"]
[SourceTitle "BritBase"]
[Source "John Saunders"]
[SourceDate "2025.11.05"]
[SourceVersion "1"]
[SourceVersionDate "2025.11.05"]
[SourceQuality "1"]

1. d4 d5 2. c4 e6 3. Nf3 Bd6 4. Nc3 c6 5. e3 Nf6 6. Bd3 O-O 7. O-O Nbd7 8. e4 dxe4 9. Nxe4 Nxe4 10. Bxe4 Nf6 11. Bd3 Re8 12. Re1 h6 13. Ne5 Qc7 14. Qf3 Re7 15. Bxh6 gxh6 16. Qxf6 Bxe5 17. Rxe5 b5 18. Qxh6 f6 19. Qxf6 Rg7 20. Rae1 bxc4 21. Bxc4 Bb7 22. Bxe6+ Rf7 23. Bxf7+ Qxf7 24. Qxf7+ Kxf7 25. Re7+ Kf8 26. Rxb7 1-0

[Event "Surrey Novice A U100"]
[Site "Sutton"]
[Date "1994.04.01"]
[Round "2"]
[White "McGrath, Paul"]
[Black "Feld, Matthew D"]
[Result "1-0"]
[WhiteElo "968"]
[BlackElo "1288"]
[PlyCount "85"]
[EventDate "1994.04.01"]
[EventType "swiss"]
[EventRounds "5"]
[EventCountry "ENG"]
[SourceTitle "BritBase"]
[Source "John Saunders"]
[SourceDate "2025.11.05"]
[SourceVersion "1"]
[SourceVersionDate "2025.11.05"]
[SourceQuality "1"]

1. d4 d5 2. c4 e6 3. Nf3 Nf6 4. Nc3 Be7 5. Bg5 h6 6. Bh4 O-O 7. e3 Nc6 8. Bd3 Nb4 9. O-O Nxd3 10. Qxd3 b6 11. cxd5 Nxd5 12. Bxe7 Qxe7 13. Rac1 Bb7 14. Nxd5 Bxd5 15. b3 Bxf3 16. gxf3 Rfd8 17. Rc6 Qd7 18. Rfc1 Rac8 19. Qc4 Qd5 20. Qxd5 Rxd5 21. Rxc7 Ra8 22. Rc8+ Rxc8 23. Rxc8+ Kh7 24. Rc7 Rf5 25. Rxa7 Rxf3 26. Rb7 Rf5 27. Rxb6 Ra5 28. a4 Kg6 29. Rb5 Ra6 30. a5 Kf6 31. d5 exd5 32. Rb6+ Ke7 33. Rxa6 Kd7 34. Rb6 Kc7 35. Rb4 Kd6 36. a6 Ke5 37. a7 Kf5 38. a8=Q Kg6 39. Qc6+ f6 40. Qxd5 h5 41. Rb5 Kh7 42. Qxh5+ Kg8 43. Rb8# 1-0

[Event "Surrey Novice A U100"]
[Site "Sutton"]
[Date "1994.04.02"]
[Round "5"]
[White "Nathoo, Leila"]
[Black "Rosten, Judith"]
[Result "0-1"]
[WhiteElo "1264"]
[BlackElo "1080"]
[PlyCount "44"]
[EventDate "1994.04.01"]
[EventType "swiss"]
[EventRounds "5"]
[EventCountry "ENG"]
[SourceTitle "BritBase"]
[Source "John Saunders"]
[SourceDate "2025.11.05"]
[SourceVersion "1"]
[SourceVersionDate "2025.11.05"]
[SourceQuality "1"]

1. e4 e5 2. Nf3 Nc6 3. Bb5 Nf6 4. Nc3 Bb4 5. d3 d6 6. O-O Bg4 7. h3 Bh5 8. Ne2 Bxf3 9. gxf3 O-O 10. a3 Bc5 11. Bg5 a6 12. Bc4 b5 13. Bb3 Nd4 14. Nc3 h6 15. Bh4 Nxb3 16. cxb3 Qe7 17. Nd5 Qe6 18. Nxc7 Qxh3 19. Bxf6 gxf6 20. Nxa8 Rxa8 21. Qd2 Kh8 22. f4 Rg8# 0-1

[Event "Surrey Novice B U100"]
[Site "Sutton"]
[Date "1994.04.??"]
[Round "?"]
[White "Jones, David A (Surrey)"]
[Black "Baker, Chris FL"]
[Result "1-0"]
[WhiteElo "1328"]
[BlackElo "1168"]
[PlyCount "49"]
[EventDate "1994.04.03"]
[EventType "swiss"]
[EventRounds "5"]
[EventCountry "ENG"]
[SourceTitle "BritBase"]
[Source "John Saunders"]
[SourceDate "2025.11.05"]
[SourceVersion "1"]
[SourceVersionDate "2025.11.05"]
[SourceQuality "1"]

1. e4 e5 2. Nc3 Nf6 3. f4 d5 4. fxe5 Nxe4 5. d3 Nxc3 6. bxc3 d4 7. Nf3 Nc6 8. Be2 Be7 9. O-O dxc3 10. Qe1 Nxe5 11. Qxc3 Nxf3+ 12. Bxf3 O-O 13. Rb1 c6 14. Bh5 Qc7 15. Bb2 f6 16. Qc4+ Kh8 17. Rbe1 b5 18. Qh4 Bd8 19. Bg6 h6 20. Be5 Qb6+ 21. Kh1 Bd7 22. Bd6 f5 23. Qh5 Rf6 24. Be5 Rf8 25. Qxh6+ 1-0